Kyodai kigyō no shin senryaku : Nihon kabushiki kaisha o rīdo suru shichidai kigyō no ketsudan /

Saved in:
Bibliographic Details
Main Author: Kanō, Akihiro.
Format: Book
Language:Japanese
Published: Tōkyō : Gakuyō Shobō, 1979.
Subjects:
Tags: Add Tag
No Tags, Be the first to tag this record!
LEADER 00766cam a2200229Ii 4500
001 007779280-7
005 20020606104010.5
008 800926s1979 ja a 000 0 jpn
010 |a  79812242 /J 
015 |a Ja79-7701 
035 0 |a ocm06758340 
040 |a DLC  |c OSU  |d OSU  |d OCL  |d YNH 
050 0 0 |a HD2756.J3  |b K36 
100 1 |a Kanō, Akihiro. 
245 1 0 |a Kyodai kigyō no shin senryaku :  |b Nihon kabushiki kaisha o rīdo suru shichidai kigyō no ketsudan /  |c Kanō Akihiro. 
260 |a Tōkyō :  |b Gakuyō Shobō,  |c 1979. 
300 |a 257 p. :  |b ill. ;  |c 20 cm. 
500 |a "Mitsubishi Shōji, Kōgin, Nomura, Toyota, Tōden, Tōre, Hitachi Seisakujo" 
650 0 |a Big business  |z Japan. 
650 0 |a Industrial management  |z Japan. 
988 |a 20020608 
906 |0 DLC